Стабилизация апериодического переходного процесса интервальной системы на основе адаптивно-робастного размещения полюсов; Технологии Microsoft в теории и практике программирования

Dades bibliogràfiques
Parent link:Технологии Microsoft в теории и практике программирования.— 2016.— [С. 17-19]
Autor principal: Хожаев И. В. Иван Валерьевич
Autor corporatiu: Национальный исследовательский Томский политехнический университет (ТПУ) Институт кибернетики (ИК) Кафедра автоматики и компьютерных систем (АИКС)
Altres autors: Езангина Т. А. Татьяна Александровна (научный руководитель), Гайворонский С. А. Сергей Анатольевич
Sumari:Заглавие с титульного экрана
The paper is dedicated to a development of a method of an adaptive control system synthesis. The main aim of considered research is to develop a method of synthesizing a control system, capable to keep stable desired control quality despite uncertain parameters. The research resulted into the method based on apreviously developed robust control system synthesis method and system poles allocation according to a domination principle. The method allows to synthesize a system with an aperiodic transient process, having constant setting time and zero overshoot despite uncertain parameters.
Idioma:rus
Publicat: 2016
Col·lecció:Автоматизированные системы управления и мехатроника
Matèries:
Accés en línia:http://earchive.tpu.ru/handle/11683/33261
Format: MixedMaterials Electrònic Capítol de llibre
KOHA link:https://koha.lib.tpu.ru/cgi-bin/koha/opac-detail.pl?biblionumber=620851

MARC

LEADER 00000naa2a2200000 4500
001 620851
005 20231219133319.0
035 |a (RuTPU)RU\TPU\conf\19384 
035 |a RU\TPU\conf\19383 
090 |a 620851 
100 |a 20161019d2016 k y0rusy50 ca 
101 0 |a rus 
102 |a RU 
105 |a y z 101zy 
135 |a drcn ---uucaa 
181 0 |a i  
182 0 |a b 
200 1 |a Стабилизация апериодического переходного процесса интервальной системы на основе адаптивно-робастного размещения полюсов  |f И. В. Хожаев, Т. А. Езангина  |g науч. рук. С. А. Гайворонский 
203 |a Текст  |c электронный 
225 1 |a Автоматизированные системы управления и мехатроника 
300 |a Заглавие с титульного экрана 
330 |a The paper is dedicated to a development of a method of an adaptive control system synthesis. The main aim of considered research is to develop a method of synthesizing a control system, capable to keep stable desired control quality despite uncertain parameters. The research resulted into the method based on apreviously developed robust control system synthesis method and system poles allocation according to a domination principle. The method allows to synthesize a system with an aperiodic transient process, having constant setting time and zero overshoot despite uncertain parameters. 
463 1 |0 (RuTPU)RU\TPU\conf\12653  |t Технологии Microsoft в теории и практике программирования  |o сборник трудов XIII Всероссийской научно-практической конференции студентов, аспирантов и молодых ученых, г.Томск, 22-23 марта 2016 г.  |f Национальный исследовательский Томский политехнический университет (ТПУ), Институт кибернетики ; ред. кол. А. В. Лиепиньш [и др.]  |v [С. 17-19]  |d 2016 
610 1 |a труды учёных ТПУ 
610 1 |a электронные ресурсы 
610 1 |a системы управления 
610 1 |a адаптивное управление 
610 1 |a робастное управление 
610 1 |a интервальные параметры 
610 1 |a полюсы системы 
610 1 |a апериодический переходный процесс 
700 1 |a Хожаев  |b И. В.  |c специалист в области информатики и вычислительной техники  |c инженер Томского политехнического университета  |f 1992-  |g Иван Валерьевич  |3 (RuTPU)RU\TPU\pers\35612  |9 18781 
701 1 |a Езангина  |b Т. А.  |c специалист в области информатики и вычислительной техники  |c инженер Томского политехнического университета  |f 1987-  |g Татьяна Александровна  |3 (RuTPU)RU\TPU\pers\35610 
702 1 |a Гайворонский  |b С. А.  |c специалист в области информатики и вычислительной техники  |c доцент Томского политехнического университета, кандидат технических наук  |f 1961-  |g Сергей Анатольевич  |4 727 
712 0 2 |a Национальный исследовательский Томский политехнический университет (ТПУ)  |b Институт кибернетики (ИК)  |b Кафедра автоматики и компьютерных систем (АИКС)  |3 (RuTPU)RU\TPU\col\18698 
801 2 |a RU  |b 63413507  |c 20161028  |g RCR 
856 4 |u http://earchive.tpu.ru/handle/11683/33261 
942 |c BK